[Event "Bayern-chI Bank Hofmann 26th"]
[Site "Tegernsee"]
[Date "2023.11.01"]
[Round "5"]
[White "Langner, Robin"]
[Black "Gohla, Ulf"]
[Result "0-1"]
[WhiteElo "1803"]
[BlackElo "2102"]
[PlyCount "120"]
[EventDate "2023.10.28"]
[EventType "swiss"]
[EventRounds "9"]
[EventCountry "GER"]
[SourceTitle "Mega2024 Update 01"]
[Source "Chessbase"]
[SourceDate "2023.11.12"]
[SourceVersion "1"]
[SourceVersionDate "2023.11.12"]
[SourceQuality "1"]

1. d4 Nf6 2. c4 e6 3. g3 d5 4. Bg2 c6 5. Nf3 Be7 6. 0-0 Nbd7 7. Nc3 b6 8. Bf4 0-0 9. Rc1 Bb7 10. cxd5 Nxd5 11. Ne5 Nxe5 12. Nxd5 exd5 13. Bxe5 Re8 14. Bf4 Bf6 15. Bf3 Qe7 16. Qa4 Qe6 17. Rfd1 g5 18. Be3 Kg7 19. b4 g4 20. Bg2 Qd7 21. Rc3 a5 22. Rb1 b5 23. Qc2 axb4 24. Rxb4 Be7 25. Rb2 b4 26. Rd3 Ba6 27. Rd1 Bc4 28. Bf1 Ra3 29. Ra1 Rea8 30. Bd2 b3 31. axb3 Rxa1 32. bxc4 Qe6 33. c5 Qe4 34. Qxe4 dxe4 35. f4 Rd1 36. Kf2 Raa1 37. Bg2 f5 38. e3 h5 39. h4 Kf7 40. Bc3 Rdc1 41. Bd2 Rg1 42. Bc3 Rgc1 43. Bd2 Rd1 44. Bc3 Ke6 45. Rd2 Rxd2+ 46. Bxd2 Kd5 47. Bf1 Bd8 48. Be1 Ra2+ 49. Be2 Bxh4 50. gxh4 g3+ 51. Kxg3 Rxe2 52. Kh3 Kc4 53. Bf2 Kd3 54. Kg2 Ra2 55. Kf1 Rb2 56. Bg1 Ra2 57. Ke1 Ra1+ 58. Kf2 Kd2 59. Kg2 Ke2 60. Bf2 Ra8 0-1

[Event "Locarno op 8th"]
[Site "Locarno"]
[Date "2023.04.23"]
[Round "4"]
[White "Langner, Robin"]
[Black "Pellegrini, Noah"]
[Result "1/2-1/2"]
[WhiteElo "1851"]
[BlackElo "1540"]
[PlyCount "51"]
[EventDate "2023.04.21"]
[EventType "swiss"]
[EventRounds "5"]
[EventCountry "SUI"]
[SourceTitle "CBM 214 Extra"]
[Source "ChessBase"]
[SourceDate "2023.07.31"]
[SourceVersion "1"]
[SourceVersionDate "2023.07.31"]
[SourceQuality "1"]

1. c4 Nf6 2. Nc3 g6 3. e4 d6 4. d4 Bg7 5. Nf3 0-0 6. Be2 Bg4 7. 0-0 Nbd7 8. Be3 c5 9. d5 Nb6 10. Nd2 Bxe2 11. Qxe2 Qd7 12. h3 Nh5 13. g4 Nf6 14. f4 e6 15. a4 exd5 16. cxd5 Qe7 17. g5 Nh5 18. Qf3 f6 19. a5 Nd7 20. h4 fxg5 21. hxg5 Ne5 22. Qh3 Nd3 23. f5 Qd7 24. Nc4 Ne5 25. Nxd6 Qxd6 26. f6 1/2-1/2

[Event "GER-chT U16"]
[Site "Kiel"]
[Date "2022.07.25"]
[Round "5.9"]
[White "Schreidl, Michael"]
[Black "Langner, Robin"]
[Result "0-1"]
[WhiteElo "1616"]
[BlackElo "1690"]
[PlyCount "114"]
[EventDate "2022.07.22"]
[EventType "team-swiss"]
[EventRounds "7"]
[EventCountry "GER"]
[SourceTitle "CBM 209 Extra"]
[Source "ChessBase"]
[SourceDate "2022.09.30"]
[SourceVersion "1"]
[SourceVersionDate "2022.09.30"]
[SourceQuality "1"]
[WhiteTeam "Frankenthal"]
[BlackTeam "Freiburg Zaehringen"]
[WhiteTeamCountry "GER"]
[BlackTeamCountry "GER"]

1. e4 c5 2. Nf3 d6 3. d4 cxd4 4. Nxd4 Nf6 5. Nc3 a6 6. f3 e6 7. Be3 b5 8. a3 Nbd7 9. Be2 Bb7 10. 0-0 Rc8 11. Bf2 d5 12. exd5 Nxd5 13. Nxd5 Bxd5 14. Bg3 Bc5 15. Bf2 Nb6 16. b4 Bd6 17. Bd3 Qc7 18. h3 0-0 19. Ne2 Be5 20. Bd4 Nc4 21. Bxe5 Qxe5 22. Qc1 Nb2 23. Qd2 Nc4 24. Qc1 Rfd8 25. Qf4 Qxf4 26. Nxf4 Ne3 27. Nxd5 Nxd5 28. Rf2 Kf8 29. g3 Ke7 30. a4 Nxb4 31. axb5 Nxd3 32. cxd3 axb5 33. Ra3 Rc1+ 34. Rf1 Rxf1+ 35. Kxf1 Kd6 36. Ke2 Kc5 37. Kd2 Kb4 38. Ra7 Rf8 39. Rb7 h5 40. f4 g6 41. Ke3 Kc5 42. Kd2 f6 43. Re7 e5 44. fxe5 fxe5 45. Rxe5+ Kb4 46. Rg5 Rf6 47. Ke2 Ka4 48. g4 hxg4 49. Rxg4+ Ka3 50. Rg5 b4 51. Ra5+ Kb2 52. Rb5 b3 53. Ke3 Kc2 54. Ke4 b2 55. d4 b1Q 56. Rxb1 Kxb1 57. Ke5 Rf1 0-1

[Event "Locarno op 7th"]
[Site "Locarno"]
[Date "2022.04.09"]
[Round "3"]
[White "Langner, Robin"]
[Black "Tedone, Francesco"]
[Result "1-0"]
[WhiteElo "1628"]
[BlackElo "1506"]
[PlyCount "93"]
[EventDate "2022.04.08"]
[EventType "swiss"]
[EventRounds "5"]
[EventCountry "SUI"]
[SourceTitle "CBM 207 Extra"]
[Source "ChessBase"]
[SourceDate "2022.05.31"]
[SourceVersion "1"]
[SourceVersionDate "2022.05.31"]
[SourceQuality "1"]

1. c4 Nf6 2. Nc3 e6 3. e4 Bb4 4. e5 Bxc3 5. bxc3 Ne4 6. Qg4 f5 7. Qxg7 Rf8 8. d3 Rf7 9. Qg8+ Rf8 10. Qxh7 Ng5 11. Qg6+ Nf7 12. Nf3 Nc6 13. d4 Ne7 14. Qg3 c6 15. h4 Qa5 16. Ng5 Rg8 17. Qd3 d5 18. Nh7 Kd8 19. Nf6 Rh8 20. Bd2 Qa3 21. Qg3 Qb2 22. Rd1 Bd7 23. Qg7 Be8 24. Be2 f4 25. g4 fxg3 26. fxg3 Nf5 27. Qg4 Kc7 28. Bd3 Bd7 29. Nxd7 Rag8 30. Qf4 Kxd7 31. Bxf5 exf5 32. Qxf5+ Ke7 33. Qf6+ Ke8 34. Qe6+ Kf8 35. Rf1 Rg7 36. Qc8+ Ke7 37. Rxf7+ Kxf7 38. Qxh8 Qc2 39. Qh5+ Kg8 40. Qf3 Rf7 41. Bf4 Qh2 42. Rd2 Qh3 43. cxd5 cxd5 44. Qxd5 Qc8 45. e6 Re7 46. Qg5+ Kf8 47. Qf6+ 1-0